00347nam a2200133Ia 4500020001500000020001800015040000800033082002600041100001900067245003100086260004700117300004100164650000800205 a0697131823 a9780697131829 cZHM a709 BRO 1994 A086 Or.1 aAdams, Laurie.12aA history of Western art / aMadison, Wis. :bBrown & Benchmark,c1994. a512 p. :bill. (some col.) ;c28 cm. 0aArt